| 000 | 01553nam a2200313 4500 | ||
|---|---|---|---|
| 003 | CO-CtgCURN | ||
| 005 | 20250329165429.0 | ||
| 008 | 160531s2008 000 0 eng d | ||
| 040 |
_aCO-CtgCURN _bspa _ccoctgcurn |
||
| 082 | 0 |
_aENF 2008 _bB928 |
|
| 245 | 0 | 0 |
_aEvaluación de la calidad del programa de deteccion de alteraciones del menor de 10 años en los CAP Pozon, Fredonia y Blas de Lezo Cartagena de Indias 1 y 2 periodo 2007 / _cDaniela Buendia Arguello ... [et al.] ; asesora, Maria Josefina Medina Peñaranda. |
| 260 |
_aCartagena de Indias : _bCorporación Universitaria Rafael Núñez, _c2008. |
||
| 300 | _a193 h. | ||
| 336 | _2rdacontent | ||
| 337 |
_2rdamedia _asin mediacion _bn |
||
| 338 |
_2rdacarrier _avolumen _bnc |
||
| 502 | _aTrabajo de grado (Enfermera (o)). Corporacion Universitaria Rafael Nuñez. Facultad de Ciencias de la Salud. Programa de Enfermeria, 2008. | ||
| 504 | _aIncluye bibliografia. | ||
| 590 | _aEnfemeria | ||
| 650 | 0 |
_aEnfermeria _vTesis y disertaciones academicas. |
|
| 700 | 1 | _aBuendia Arguello, Daniela. | |
| 700 | 1 | _aCabeza Gonzalez, Evelin Rosa. | |
| 700 | 1 | _aMunera Villalba, Lilia Sofia. | |
| 700 | 1 | _aQuintero Pallares, Gloria Mercedes. | |
| 700 | 1 |
_aMedina Peñaranda, Maria, _easesor. |
|
| 856 | 7 |
_uhttps://unicurn.sharepoint.com/:b:/s/biblioteca/ERru3iCy6xBNhlCKxNmcqtYBI3E-5DdUmH7qvPnMlPSo9A?e=geEFqk _zClick aqui para ver el recurso en texto completo |
|
| 942 |
_hENF 2008 _iB928 _2ddc _cTG |
||
| 999 |
_c3732 _d3732 |
||